00772nam a2200205 i 4500001000700000003000900007005001700016008004100033080003000074245004100104250001500145260006100160300003000221504003400251600004800285852006100333942002000394999001900414952013300433183334ES-MaACL20231102120316.0140324s2012 sp |||| | spa d a929 Artero Bernad, Manuel00aManuel Artero al servicio de Huesca. a[1ª ed.]. aHuesca : bInstituto de Estudios Altoaragoneses, c2012. a176 p. : bil. ; c24 cm. aReferencias bibliográficas.14aArtero Bernad, Manuel (d1910-1973)9154610 aES-MaACLjA-130749190273bR.149935cDEPO1dOlim: N-6074 2udccMONOGRAFIA c183334d183334 00102udc4070aATENEOMbATENEOMcDEPO1d2014-03-24eDONACIONl0oA-13074p1192700r2023-02-23 00:00:00w2023-02-23yMONOGRAFIA